000 00625nam a2200229 a 4500
001 12317
003 CO-ViMGA
008 141112s2004 ck r 000 u spa d
020 _a9589012019
040 _aCO-ViMGA
_bspa
_cCO-ViMGA
082 0 4 _a920.73 L53d
100 1 _aLleras, Restrepo Carlos
_917578
245 1 0 _aDe ciertas Damas
250 _a2
260 _aBogotá :
_bEl Ancora,
_c1986
300 _a475p.
590 _aForma de adquisición : Donación - - Proveedor : Dr. Rafael Salamanca
650 1 4 _aBIOGRAFIAS
_917579
650 1 4 _aMUJERES
_949379
650 1 4 _aRESEÑA DE LIBROS
_917580
942 _2ddc
_cBK
999 _c23328
_d23328